ZTM Linia 224> Gliwice Królewskiej Tamy Rondo - Statystyki

Ogólne statystyki
  • Ten quiz został rozwiązany 4 razy
  • Średni wynik to 7 z 10
Statystyki odpowiedzi
Miasto Przystanek % Poprawnych
Gliwice Gliwice Centrum Przesiadkowe
100%
Gliwice Gliwice Jagiellońska
100%
Gliwice Gliwice Plac Piastów
100%
Gliwice Gliwice Centrum Onkologii
67%
Gliwice Gliwice Franciszkańska
67%
Gliwice Gliwice Królewskiej Tamy Rondo
67%
Gliwice Gliwice Robotnicza
67%
Gliwice Gliwice Śliwki
67%
Gliwice Gliwice Toszecka
67%
Gliwice Gliwice Odlewników
33%
Nie znaleziono quizów pasujących do podanych kryteriów
Rozkład punktacji
Procent ludzi z każdym wynikiem
Percentyl według liczby udzielonych odpowiedzi
Twoja historia wyników
Nie rozwiązałeś tego quizu